<?xml version="1.0" encoding="UTF-8"?>
<record
    xmlns:xsi="http://www.w3.org/2001/XMLSchema-instance"
    xsi:schemaLocation="http://www.loc.gov/MARC21/slim http://www.loc.gov/standards/marcxml/schema/MARC21slim.xsd"
    xmlns="http://www.loc.gov/MARC21/slim">

  <leader>00646nam a22002057a 4500</leader>
  <controlfield tag="005">20230707145029.0</controlfield>
  <controlfield tag="008">110628t        eng||||| |||| 00| 0 spa d</controlfield>
  <datafield tag="020" ind1=" " ind2=" ">
    <subfield code="a">0683006037</subfield>
  </datafield>
  <datafield tag="050" ind1="0" ind2="4">
    <subfield code="a">QR81</subfield>
    <subfield code="b">B47 1994</subfield>
  </datafield>
  <datafield tag="245" ind1="0" ind2="0">
    <subfield code="a">Bergey&#xB4;s manual of determinative bacteriology </subfield>
    <subfield code="c">/ Jhon G. Holt...[et. al.].</subfield>
  </datafield>
  <datafield tag="250" ind1=" " ind2=" ">
    <subfield code="a">9a ed.</subfield>
  </datafield>
  <datafield tag="260" ind1=" " ind2=" ">
    <subfield code="a">Baltimore :</subfield>
    <subfield code="b">Williams &amp; Wilkins,</subfield>
    <subfield code="c">1994</subfield>
  </datafield>
  <datafield tag="300" ind1=" " ind2=" ">
    <subfield code="a">xviii, 787 p. :</subfield>
    <subfield code="b">il. ;</subfield>
    <subfield code="c">28 cm.</subfield>
  </datafield>
  <datafield tag="504" ind1=" " ind2=" ">
    <subfield code="a">Incluye indice</subfield>
  </datafield>
  <datafield tag="506" ind1=" " ind2=" ">
    <subfield code="a">Bib. Med. ISO 2011</subfield>
  </datafield>
  <datafield tag="650" ind1=" " ind2="7">
    <subfield code="a">Bacteriolog&#xED;a</subfield>
    <subfield code="x">Clasificaci&#xF3;n </subfield>
    <subfield code="2">lemb</subfield>
  </datafield>
  <datafield tag="650" ind1=" " ind2="7">
    <subfield code="a">Bacteriolog&#xED;a</subfield>
    <subfield code="x">Terminologia</subfield>
    <subfield code="2">lemb</subfield>
  </datafield>
  <datafield tag="700" ind1="1" ind2=" ">
    <subfield code="a">Holt, Jhon G.,</subfield>
    <subfield code="e">autor </subfield>
  </datafield>
  <datafield tag="942" ind1=" " ind2=" ">
    <subfield code="2">lcc</subfield>
    <subfield code="c">LIB</subfield>
  </datafield>
  <datafield tag="999" ind1=" " ind2=" ">
    <subfield code="c">9992</subfield>
    <subfield code="d">9992</subfield>
  </datafield>
  <datafield tag="952" ind1=" " ind2=" ">
    <subfield code="1">0</subfield>
    <subfield code="2">lcc</subfield>
    <subfield code="4">0</subfield>
    <subfield code="7">0</subfield>
    <subfield code="a">LIC-010</subfield>
    <subfield code="b">LIC-010</subfield>
    <subfield code="d">2011-06-28</subfield>
    <subfield code="e">Recurso P.I.F.I.</subfield>
    <subfield code="i">Ciencias de la salud</subfield>
    <subfield code="k">Ciencias de la salud</subfield>
    <subfield code="o">QR81 B47 2000</subfield>
    <subfield code="p">BFM000001737</subfield>
    <subfield code="r">2011-06-28 00:00:00</subfield>
    <subfield code="t">C : 1</subfield>
    <subfield code="y">LIB</subfield>
    <subfield code="z">GENERAL</subfield>
  </datafield>
  <datafield tag="952" ind1=" " ind2=" ">
    <subfield code="1">0</subfield>
    <subfield code="2">lcc</subfield>
    <subfield code="4">0</subfield>
    <subfield code="7">0</subfield>
    <subfield code="a">INV-015</subfield>
    <subfield code="b">INV-015</subfield>
    <subfield code="c">GENERAL</subfield>
    <subfield code="d">2013-11-05</subfield>
    <subfield code="e">Rec. prop. esc.</subfield>
    <subfield code="k">Ciencias de la salud</subfield>
    <subfield code="o">QR81 B47 c1994</subfield>
    <subfield code="p">BIIM000000149</subfield>
    <subfield code="r">2015-01-16 00:00:00</subfield>
    <subfield code="t">1</subfield>
    <subfield code="y">LIB</subfield>
  </datafield>
  <datafield tag="952" ind1=" " ind2=" ">
    <subfield code="1">0</subfield>
    <subfield code="2">lcc</subfield>
    <subfield code="4">0</subfield>
    <subfield code="7">0</subfield>
    <subfield code="a">INV-015</subfield>
    <subfield code="b">INV-015</subfield>
    <subfield code="c">GENERAL</subfield>
    <subfield code="d">2023-07-07</subfield>
    <subfield code="f">9a ed. </subfield>
    <subfield code="k">CNE</subfield>
    <subfield code="l">0</subfield>
    <subfield code="o">QR81 B47 1994</subfield>
    <subfield code="p">BIIM000001123</subfield>
    <subfield code="r">2023-07-07 00:00:00</subfield>
    <subfield code="t">2</subfield>
    <subfield code="v">1.00</subfield>
    <subfield code="y">LIB</subfield>
  </datafield>
</record>
